Auditorias focalizadas (Registro nro. 149586)

Detalles MARC
000 -CABECERA
campo de control de longitud fija 00473nam a2200181Ia 4500
001 - NÚMERO DE CONTROL
campo de control 149586
003 - IDENTIFICADOR DEL NÚMERO DE CONTROL
campo de control 243185
005 - FECHA Y HORA DE LA ÚLTIMA TRANSACCIÓN
campo de control 20250221062707.0
008 - DATOS DE LONGITUD FIJA--INFORMACIÓN GENERAL
campo de control de longitud fija ||||||n9999 ||| || ||
082 ## - NÚMERO DE LA CLASIFICACIÓN DECIMAL DEWEY
Número de clasificación 3507232
100 ## - ENTRADA PRINCIPAL--NOMBRE DE PERSONA
Nombre de persona Sosa León, Orquidia Elizet Andrea
9 (RLIN) 183647
245 #0 - MENCIÓN DE TÍTULO
Título Auditorias focalizadas
562 ## - NOTA DE IDENTIFICACIÓN DE LA COPIA Y VERSIÓN
Número de copias 1
650 #0 - PUNTO DE ACCESO ADICIONAL DE MATERIA--TÉRMINO DE MATERIA
Término de materia o nombre geográfico como elemento de entrada Auditoría
9 (RLIN) 8206
650 #0 - PUNTO DE ACCESO ADICIONAL DE MATERIA--TÉRMINO DE MATERIA
Término de materia o nombre geográfico como elemento de entrada CONTROL INTERNO
9 (RLIN) 12480
650 #0 - PUNTO DE ACCESO ADICIONAL DE MATERIA--TÉRMINO DE MATERIA
Término de materia o nombre geográfico como elemento de entrada Administradores Públicos (Bogotá)
9 (RLIN) 135945
942 ## - ELEMENTOS DE PUNTO DE ACCESO ADICIONAL (KOHA)
Tipo de ítem Koha Tesis
Existencias
Estado de retiro Estado de pérdida Fuente del sistema de clasificación o colocación Estado dañado No para préstamo Código de colección Localización permanente Ubicación/localización actual Fecha de adquisición Coste, precio normal de compra Total de préstamos Signatura topográfica completa Código de barras Fecha visto por última vez Fecha del último préstamo Número de copia Tipo de ítem Koha
    Dewey Decimal Classification     Trabajos de Grado Bogotá - Sede Central Bogotá - Sede Central 04/02/2022 0.00 1 BOG543 2015 131611 03/06/2022 03/06/2022 1 Tesis